[Event "Gonzaga Classic Masters"]
[Site "masterchessopen.com Dublin IRL"]
[Date "2017.01.28"]
[Round "3.4"]
[White "Eggleston,D"]
[Black "O'Gorman,Tom"]
[Result "1-0"]
[WhiteElo "2387"]
[BlackElo "2041"]

1. e4 c5 2. Nf3 d6 3. d4 cxd4 4. Nxd4 Nf6 5. Nc3 a6 6. h3 e6 7. g4 Qc7 8. g5
Nfd7 9. Be3 b5 10. a3 Bb7 11. h4 Nc6 12. Nxc6 Qxc6 13. Qd2 Ne5 14. Be2 Rb8 15.
O-O-O Ba8 16. Kb1 Be7 17. f4 Nc4 18. Bxc4 bxc4 19. Ka1 O-O 20. Rhg1 Rfd8 21.
f5 d5 22. exd5 exd5 23. f6 Bf8 24. fxg7 Bxg7 25. Bd4 Bxd4 26. Qxd4 Qb6 27.
Qxb6 Rxb6 28. Rd4 Re6 29. Rgd1 Rde8 30. Nxd5 Bxd5 31. Rxd5 Re2 32. Rd8 Rxd8
33. Rxd8+ Kg7 34. Rd4 c3 35. bxc3 Rxc2 36. c4 h6 37. Kb1 Rg2 38. gxh6+ Kxh6
39. c5 Rg8 40. Rc4 Rc8 41. Kc2 f5 42. Kd3 Kh5 43. Ke3 Rc6 44. Kf4 Kxh4 45.
Kxf5+ Kh5 46. Ke5 Kg5 47. Kd5 Rc8 48. c6 Kf6 49. c7 Ke7 50. Kc6 {#r} 1-0

[Event "22nd HIT Open 2017"]
[Site "masterchessopen.com Nova Gorica SLO"]
[Date "2017.01.29"]
[Round "5.14"]
[White "Mestek,I"]
[Black "Plaskan,J"]
[Result "0-1"]
[WhiteElo "2139"]
[BlackElo "2260"]

1. e4 c5 2. Nf3 d6 3. d4 cxd4 4. Nxd4 Nf6 5. Nc3 a6 6. Bc4 e6 7. O-O b5 8. Bb3
Be7 9. f4 Bb7 10. e5 dxe5 11. fxe5 Bc5 12. Be3 Nc6 13. exf6 Bxd4 14. Qe1 Bxe3+
15. Qxe3 Qd4 16. Rae1 gxf6 17. Nd5 O-O-O 18. Nxf6 Qxe3+ 19. Rxe3 Nd4 20. Rc3+
Kb8 21. Rd3 Rd6 22. Re3 Nf5 23. Rd3 Rxd3 24. cxd3 h5 25. g3 h4 26. Ne4 hxg3
27. hxg3 Rh3 28. g4 Nh6 29. g5 Nf5 30. g6 fxg6 31. Bxe6 Rxd3 32. Nc5 Rg3+ 33.
Kh2 Rg2+ 34. Kh3 Rxb2 35. Rg1 Ne7 36. Rd1 Rc2 37. Rd8+ Ka7 38. Nb3 Nc6 39. Rd7
Kb6 40. Bd5 Bc8 {#R} 0-1

[Event "25th Fajr Open 2017"]
[Site "masterchessopen.com Sareyn IRI"]
[Date "2017.02.03"]
[Round "10.3"]
[White "Idani,P"]
[Black "Tarlev,K"]
[Result "1-0"]
[WhiteElo "2552"]
[BlackElo "2592"]

1. e4 c5 2. Nf3 d6 3. d4 cxd4 4. Nxd4 Nf6 5. Nc3 a6 6. f3 e6 7. Be3 b5 8. Qd2
Nbd7 9. g4 h6 10. O-O-O b4 11. Nce2 Qc7 12. Qxb4 d5 13. Qc3 Qxc3 14. Nxc3 e5
15. Nc6 d4 16. Na4 dxe3 17. Nb6 Bb7 18. Nxa8 Bxa8 19. Na5 Bb4 20. Nc4 g6 21.
Nxe3 Bc5 22. Re1 Bb7 23. Nc4 Ke7 24. h4 Ne8 25. c3 Nc7 26. Rd1 Bc8 27. Rh2 Nb8
28. b4 Ba7 29. Kb2 Nc6 30. Rd6 Bd7 31. Rhd2 Rd8 32. a4 Be8 33. Rxd8 Nxd8 34.
a5 Bb5 35. Nb6 Bxf1 36. Nc8+ Ke8 37. Nxa7 Bc4 38. Nc8 Be6 39. Nb6 f5 40. gxf5
gxf5 41. exf5 Bxf5 42. Nc4 Nf7 43. Nxe5 {#r} 1-0

[Event "PRO League Eastern 2017"]
[Site "masterchessopen.com chess.com INT"]
[Date "2017.02.01"]
[Round "4"]
[White "Anwesh,U"]
[Black "Kleijn,C"]
[Result "0-1"]
[WhiteElo "2384"]
[BlackElo "2437"]

1. e4 c5 2. Nf3 d6 3. d4 cxd4 4. Nxd4 Nf6 5. Nc3 a6 6. Be3 e5 7. Nb3 Be7 8.
Qd2 Be6 9. O-O-O Ng4 10. g3 Nxe3 11. Qxe3 Nd7 12. f4 Qb6 13. Qe2 Rc8 14. Kb1
Rxc3 15. bxc3 f6 16. h4 Nc5 17. Qe3 O-O 18. h5 a5 19. f5 Bf7 20. h6 g5 21.
fxg6 hxg6 22. h7+ Kh8 23. g4 a4 24. c4 Ra8 25. g5 axb3 26. cxb3 f5 27. exf5
gxf5 28. Rh6 Qa5 29. Rd2 Ne4 30. Rc2 Bxg5 31. Qh3 Nd2+ 32. Kb2 Qxa2+ 33. Kc3
Qa1+ 34. Kd3 Qd4+ 35. Ke2 Qe4+ {#R} 0-1

[Event "TCh-HUN 2016-17"]
[Site "masterchessopen.com Hungary HUN"]
[Date "2017.01.29"]
[Round "5.2"]
[White "Perunovic,Mil"]
[Black "Areshchenko,A"]
[Result "0-1"]
[WhiteElo "2619"]
[BlackElo "2675"]

1. e4 c5 2. Nf3 d6 3. d4 cxd4 4. Nxd4 Nf6 5. Nc3 a6 6. Be3 e5 7. Nf3 Be7 8.
Bc4 O-O 9. O-O Be6 10. Bb3 Qc7 11. Nh4 g6 12. Bh6 Re8 13. Qd2 Ng4 14. Nf3 Nd7
15. Rad1 Rac8 16. Bg5 Ngf6 17. Ne1 b5 18. Nd3 Bc4 19. a4 Qb7 20. axb5 axb5 21.
Bxf6 Nxf6 22. Rfe1 Bd8 23. Nb4 Ba5 24. Bxc4 Bxb4 25. Bb3 Kg7 26. Re3 Bc5 27.
Rf3 b4 28. Nd5 Nxe4 29. Qe2 f5 30. h3 Rf8 31. Kh2 Qa7 32. Rf1 h5 33. g3 Ng5
34. Rd3 e4 35. Rdd1 Nf3+ 36. Kg2 Rce8 37. Ra1 Qb7 38. Bc4 Re5 39. Nf4 Nd4 40.
Qd1 Rfe8 41. Kh2 h4 42. c3 hxg3+ 43. fxg3 bxc3 44. bxc3 Qb2+ 45. Ne2 Nf3+ 46.
Kh1 Rh8 47. h4 Nxh4 48. gxh4 Rxh4+ 49. Kg2 Rg4+ {#R} 0-1

[Event "Portugal Open 2017"]
[Site "masterchessopen.com Lisbon POR"]
[Date "2017.02.05"]
[Round "3.9"]
[White "Ozer,Omer Faruk"]
[Black "Indjic,A"]
[Result "0-1"]
[WhiteElo "2344"]
[BlackElo "2560"]

1. e4 c5 2. Nf3 d6 3. d4 cxd4 4. Nxd4 Nf6 5. Nc3 a6 6. g3 e5 7. Nde2 Nbd7 8.
Bg2 b5 9. h3 Bb7 10. g4 h6 11. Ng3 g6 12. O-O Be7 13. Be3 Nb6 14. b3 Rc8 15.
Nce2 d5 16. exd5 Nbxd5 17. Bxh6 Rxh6 18. g5 Rh4 19. gxf6 Bxf6 20. Qd2 Rc7 21.
Rad1 Rd7 22. Qc1 Qc7 23. Rfe1 Kf8 24. Rd3 Nb4 25. Rxd7 Qxd7 26. Rd1 Qc8 27.
Bxb7 Qxb7 28. c3 Nd5 29. Rd3 e4 30. Rd1 e3 31. c4 exf2+ 32. Kxf2 bxc4 33. bxc4
Qb6+ 34. c5 Qc6 35. Rd3 Be7 36. Qd2 Bxc5+ 37. Kf1 Qf6+ {#R} 0-1

[Event "PRO League Eastern 2017"]
[Site "masterchessopen.com chess.com INT"]
[Date "2017.02.01"]
[Round "4"]
[White "Kleijn,C"]
[Black "Sidhant,M"]
[Result "0-1"]
[WhiteElo "2437"]
[BlackElo "2267"]

1. e4 c5 2. Nf3 d6 3. d4 cxd4 4. Nxd4 Nf6 5. Nc3 a6 6. g3 e6 7. Bg2 Be7 8. O-O
O-O 9. g4 Nc6 10. g5 Nd7 11. h4 Nde5 12. Nde2 Ng6 13. h5 Nh4 14. f4 f6 15. g6
f5 16. exf5 Nxf5 17. gxh7+ Kh8 18. Ne4 e5 19. N2c3 Be6 20. Ng5 Bc4 21. Rf2
exf4 22. Nh3 f3 23. Rxf3 Ne5 24. Rf4 Qb6+ 25. Kh2 Bh4 26. Nd5 Bg3+ 27. Kh1
Bxd5 28. Qxd5 Bxf4 29. Nxf4 Qf2 30. Bd2 Ng3+ 31. Kh2 Rxf4 32. Bxf4 Ng4+ 33.
Kh3 Qxf4 34. Qf3 Nf2+ 35. Kh2 Qh4+ 36. Kg1 Ng4 {#R} 0-1

[Event "PRO League Eastern 2017"]
[Site "masterchessopen.com chess.com INT"]
[Date "2017.02.01"]
[Round "4"]
[White "Admiraal,M"]
[Black "Sidhant,M"]
[Result "0-1"]
[WhiteElo "2441"]
[BlackElo "2267"]

1. e4 c5 2. Nf3 d6 3. d4 cxd4 4. Nxd4 Nf6 5. Nc3 a6 6. g3 e6 7. Bg2 Be7 8. O-O
O-O 9. f4 Qc7 10. g4 Nc6 11. Nxc6 bxc6 12. g5 Nd7 13. b3 d5 14. Bb2 d4 15. Ne2
e5 16. h4 f6 17. Kh1 c5 18. Bc1 Bb7 19. f5 c4 20. Ng3 cxb3 21. axb3 Qc3 22. g6
Qxg3 23. Qh5 h6 24. Bxh6 gxh6 25. Rf3 Qxg2+ 26. Kxg2 Kg7 27. Qg4 Rac8 28. Rf2
Rc3 29. Re2 Rfc8 30. Ra2 Bb4 31. Kf2 a5 32. Qg1 Ba6 33. Qa1 Bxe2 34. Kxe2
Rxc2+ 35. Rxc2 Rxc2+ 36. Kf3 Nc5 37. Kg4 d3 38. Qd1 Re2 39. Kh5 Rxe4 40. Qc1
d2 41. Qc2 Rd4 42. Qd1 Ne4 43. Qf3 Ng3+ 44. Qxg3 d1=Q+ 45. Qg4 Qxg4# 0-1

[Event "Gibraltar Masters 2017"]
[Site "masterchessopen.com Caleta ENG"]
[Date "2017.01.31"]
[Round "8.79"]
[White "Semprun Martinez,F"]
[Black "Milliet,S"]
[Result "0-1"]
[WhiteElo "2174"]
[BlackElo "2387"]

1. e4 c5 2. Nf3 d6 3. d4 cxd4 4. Nxd4 Nf6 5. Nc3 a6 6. Bg5 Nbd7 7. f4 Qc7 8.
Qf3 b5 9. O-O-O Bb7 10. Bd3 g6 11. Nd5 Nxd5 12. exd5 Bg7 13. Rhe1 Nf6 14. Nc6
e6 15. f5 O-O 16. fxe6 Nxd5 17. e7 Rfe8 18. Nd8 Bxb2+ 19. Kxb2 Qc3+ 20. Kc1
Qa3+ 21. Kd2 Qb4+ 22. c3 Qxc3+ 23. Ke2 Raxd8 24. Kf1 Rb8 25. Be4 Qxf3+ 26.
Bxf3 f6 27. Bh4 Nxe7 28. Bxb7 Rxb7 29. Rxd6 Ra8 30. Bxf6 Nf5 31. Rc6 Rf7 32.
Kg1 Raf8 33. Bb2 Ne3 34. h3 Rf1+ 35. Rxf1 Rxf1+ 36. Kh2 Rf2 37. Bd4 Rxg2+ 38.
Kh1 Rg3 39. Kh2 Rg2+ 40. Kh1 Rg3 41. Rxa6 Rxh3+ 42. Kg1 Nf5 43. Bc5 Rc3 44.
Bb4 Rc2 45. a3 g5 {#R} 0-1

[Event "PRO League Atlantic 2017"]
[Site "masterchessopen.com chess.com INT"]
[Date "2017.02.01"]
[Round "4"]
[White "Dragun,K"]
[Black "Molner,M"]
[Result "1-0"]
[WhiteElo "2614"]
[BlackElo "2450"]

1. e4 c5 2. Nf3 d6 3. d4 cxd4 4. Nxd4 Nf6 5. Nc3 a6 6. Bg5 Nbd7 7. Bc4 Qb6 8.
Bb3 e6 9. Qd2 Be7 10. O-O-O Nc5 11. f3 Qc7 12. g4 b5 13. Bxf6 Bxf6 14. Kb1 Bd7
15. g5 Be7 16. a3 Rb8 17. h4 a5 18. Qe2 b4 19. Ncb5 Qb6 20. a4 O-O 21. f4 Rfe8
22. h5 Nxb3 23. cxb3 e5 24. Nf5 Bxb5 25. axb5 Bf8 26. Rd5 exf4 27. g6 Rbc8 28.
gxf7+ Kxf7 29. Rf1 Rc5 30. Qd2 Kg8 31. Qxf4 Qb7 32. h6 Rxd5 33. exd5 g6 34.
Nxd6 Bxd6 35. Qxd6 Qxb5 36. Qf6 Qd7 37. d6 Rc8 38. Re1 Rf8 39. Qd4 Qf5+ 40.
Ka2 {#r} 1-0

[Event "Gibraltar Masters 2017"]
[Site "masterchessopen.com Caleta ENG"]
[Date "2017.01.31"]
[Round "8.83"]
[White "Smith,An"]
[Black "Sahl,Bj"]
[Result "1-0"]
[WhiteElo "2152"]
[BlackElo "2363"]

1. e4 c5 2. Nf3 d6 3. d4 cxd4 4. Nxd4 Nf6 5. Nc3 a6 6. Bg5 e6 7. Qf3 Bd7 8.
O-O-O Nc6 9. Be2 h6 10. Be3 Rc8 11. Nxc6 Bxc6 12. Kb1 b5 13. a3 Qc7 14. Rd2
Qb7 15. Bd3 Be7 16. Re2 h5 17. Bd2 h4 18. Rhe1 a5 19. Na2 Ra8 20. Qe3 Ng4 21.
Qh3 Ne5 22. f4 Nxd3 23. Qxd3 O-O 24. Bc3 b4 25. axb4 Rfb8 26. Re3 d5 27. Qd4
Bf8 28. bxa5 dxe4 29. Rh3 Bd5 30. Rxh4 f5 31. Nc1 Qb5 32. Re3 Rc8 33. Reh3 Kf7
34. Rh7 Rxc3 35. Qxc3 Rxa5 36. Qc7+ Kf6 37. R3h6+ {#r} 1-0

[Event "TCh-SWE Elitserien"]
[Site "masterchessopen.com Sweden SWE"]
[Date "2017.02.04"]
[Round "5.1"]
[White "Berggren Torell,Harald"]
[Black "Nilsson,S"]
[Result "0-1"]
[WhiteElo "2128"]
[BlackElo "2312"]

1. e4 c5 2. Nf3 d6 3. d4 cxd4 4. Nxd4 Nf6 5. Nc3 a6 6. Bg5 e6 7. f4 b5 8. e5
dxe5 9. fxe5 Qc7 10. exf6 Qe5+ 11. Be2 Qxg5 12. O-O Ra7 13. Kh1 Rd7 14. fxg7
Bxg7 15. Nf3 Rxd1 16. Nxg5 Rxa1 17. Rxa1 Ke7 18. Rf1 f5 19. Bd3 Nd7 20. Re1
Ne5 21. Bf1 Bb7 22. Ne2 h6 23. Nh3 Rd8 24. Nhf4 Rd2 25. c3 Rxb2 26. Nd4 Bc8
27. a3 Ra2 28. Nh5 Bh8 29. Re3 Rxa3 30. g4 fxg4 {#R} 0-1

[Event "Turkish Cup 2017"]
[Site "masterchessopen.com Antalya TUR"]
[Date "2017.02.04"]
[Round "11.6"]
[White "Mecit,E"]
[Black "Agdelen,Huseyin Can"]
[Result "1-0"]
[WhiteElo "2111"]
[BlackElo "2354"]

1. e4 c5 2. Nf3 d6 3. d4 cxd4 4. Nxd4 Nf6 5. Nc3 a6 6. Bg5 e6 7. f4 Be7 8. Qf3
Nbd7 9. O-O-O h6 10. Bh4 g5 11. fxg5 Ne5 12. gxf6 Nxf3 13. fxe7 Qa5 14. Nxf3
Qc5 15. Kb1 Bd7 16. Bg3 e5 17. Bh4 Rc8 18. Bd3 Be6 19. Rhf1 Rg8 20. Rd2 Qa5
21. Nd5 Bxd5 22. exd5 Rg4 23. Re2 Ra4 24. a3 Qxd5 25. Rd2 e4 26. Bxa6 Qc6 27.
Ne5 Qc5 28. Rxf7 Qxe5 29. Rf8+ Kd7 30. Rd8+ Kc7 31. e8=Q Qxe8 32. Rxe8 Rxe8
33. Bb5 e3 34. Re2 Rxh4 35. Bxe8 {#r} 1-0

[Event "Gibraltar Masters 2017"]
[Site "masterchessopen.com Caleta ENG"]
[Date "2017.02.01"]
[Round "9.35"]
[White "Zvjaginsev,V"]
[Black "Shachar,E"]
[Result "1-0"]
[WhiteElo "2679"]
[BlackElo "2374"]

1. Nf3 e6 2. d3 d5 3. g3 Nf6 4. Bg2 Be7 5. O-O c5 6. e4 Nc6 7. Nbd2 Qc7 8. Re1
O-O 9. c3 b6 10. exd5 exd5 11. Nf1 h6 12. Bf4 Qd8 13. Ne5 Nxe5 14. Bxe5 Be6
15. Ne3 Qd7 16. d4 Rad8 17. Qe2 Ng4 18. Bxg7 Rfe8 19. Be5 Nxe5 20. dxe5 d4 21.
Red1 Bf8 22. f4 f6 23. Be4 fxe5 24. f5 Bf7 25. c4 Kh8 26. Qf3 Bd6 27. Nd5 Bxd5
28. cxd5 Rf8 29. f6 Rg8 30. f7 Rg7 31. Qf6 {#r} 1-0

[Event "13th Moscow Open A 2017"]
[Site "masterchessopen.com Moscow RUS"]
[Date "2017.02.03"]
[Round "7.9"]
[White "Vavulin,M"]
[Black "Pakhomov,E"]
[Result "1-0"]
[WhiteElo "2604"]
[BlackElo "2473"]

1. e4 e6 2. d4 d5 3. Bd3 dxe4 4. Bxe4 Nf6 5. Bf3 c5 6. Ne2 Nc6 7. Be3 Nd5 8.
Bxd5 Qxd5 9. Nbc3 Qc4 10. b3 Qb4 11. a3 Qb6 12. dxc5 Bxc5 13. Na4 Qa5+ 14. Bd2
Bxf2+ 15. Kxf2 Qf5+ 16. Kg1 b5 17. Nb2 Qc5+ 18. Kf1 Qf5+ 19. Ke1 Qe4 20. Bc3
Qxg2 21. Rg1 Qxh2 22. Rxg7 Bb7 23. Qd3 a6 24. Rd1 Rd8 25. Qf3 Qh4+ 26. Ng3 Rf8
27. Rxd8+ Qxd8 28. Ne4 b4 29. axb4 Qc7 30. Nc4 Nd8 {#r} 1-0

[Event "Portugal Open 2017"]
[Site "masterchessopen.com Lisbon POR"]
[Date "2017.02.04"]
[Round "2.7"]
[White "Vorobiov,E"]
[Black "McGowan,D"]
[Result "1-0"]
[WhiteElo "2580"]
[BlackElo "2168"]

1. e4 e6 2. d3 d5 3. Nd2 Nf6 4. e5 Nfd7 5. f4 c5 6. Ndf3 Nc6 7. g3 b6 8. Bg2
Bb7 9. Nh3 Be7 10. O-O h6 11. Qe2 Qc7 12. Bd2 O-O-O 13. c3 Rde8 14. d4 f6 15.
Rac1 fxe5 16. fxe5 g5 17. Ne1 Kb8 18. Nc2 Qc8 19. b4 Ref8 20. Rxf8 Qxf8 21. a3
c4 22. Ne3 Nd8 23. Bf3 b5 24. Bh5 Qg7 25. Nf2 Rf8 26. Nfg4 Bc6 27. Rf1 Kc7 28.
Qd1 Qh7 29. Qc2 Qxc2 30. Nxc2 Rh8 31. Kg2 Nb6 32. Nce3 Nd7 33. Kh3 Bf8 34. Kg2
Be7 35. h3 a5 36. Kh2 axb4 37. axb4 Nb6 38. Nf6 Nb7 39. Neg4 Ra8 40. Rf2 Ra2
41. Ng8 Kd8 42. Nxe7 Kxe7 43. Bxg5+ {#r} 1-0

[Event "Portugal Open 2017"]
[Site "masterchessopen.com Lisbon POR"]
[Date "2017.02.04"]
[Round "2.19"]
[White "Annaberdiev,M"]
[Black "Ferreira,Luis Pedro"]
[Result "0-1"]
[WhiteElo "2435"]
[BlackElo "2117"]

1. e4 e6 2. d3 d5 3. Nd2 Nf6 4. Ngf3 Nc6 5. c3 a5 6. Be2 dxe4 7. dxe4 Bc5 8.
O-O O-O 9. Bb5 e5 10. Qe2 Qe7 11. Nb3 Bd6 12. Bg5 Nd8 13. Nh4 c6 14. Bd3 g6
15. Qf3 Kg7 16. Qe3 Re8 17. f4 Ne6 18. Bh6+ Kh8 19. fxe5 Ng4 20. Qh3 Bc5+ 21.
Nxc5 Qxc5+ 22. Kh1 Nxh6 23. Nxg6+ fxg6 24. Qxh6 Qxe5 25. Rf7 Ng7 26. Raf1 Be6
27. Rxb7 Rad8 28. Bc2 Rf8 29. Re1 Rf2 30. Bb3 Rdf8 31. Kg1 Rf1+ {#R} 0-1

[Event "Mayors Cup Yerevan KO"]
[Site "masterchessopen.com Yerevan ARM"]
[Date "2017.01.31"]
[Round "3.3"]
[White "Andriasian,Z"]
[Black "Hakobyan,Aram"]
[Result "1-0"]
[WhiteElo "2621"]
[BlackElo "2422"]

1. e4 e6 2. d3 d5 3. Nd2 Be7 4. Ngf3 Nf6 5. g3 a5 6. Bg2 a4 7. O-O c5 8. Re1
Nc6 9. e5 Nd7 10. Nf1 g5 11. h3 h5 12. N1h2 b5 13. c3 Ba6 14. d4 b4 15. Qxa4
Bb7 16. Qd1 Rg8 17. Be3 Qa5 18. Qc2 Rc8 19. Qh7 Rf8 20. Bxg5 bxc3 21. bxc3
Qxc3 22. Rac1 Qa3 23. Bxe7 Nxe7 24. dxc5 Rxc5 25. Rb1 Ba6 26. Qxh5 Nc6 27. Ng4
Kd8 28. Nh6 Kc7 29. Nxf7 Rc2 30. N7g5 Nc5 31. Qh7+ Kc8 32. Qxc2 {#r} 1-0

[Event "22nd HIT Open 2017"]
[Site "masterchessopen.com Nova Gorica SLO"]
[Date "2017.02.01"]
[Round "8.12"]
[White "Plaskan,J"]
[Black "Stevanic,David"]
[Result "0-1"]
[WhiteElo "2260"]
[BlackElo "2013"]

1. c4 e6 2. e4 d5 3. exd5 exd5 4. cxd5 Qxd5 5. Nc3 Qd8 6. Bc4 Nf6 7. d4 c6 8.
Nge2 Bd6 9. O-O O-O 10. Ng3 Qc7 11. Qd3 Nbd7 12. Bb3 Re8 13. Bg5 Bf4 14. Bxf4
Qxf4 15. Rae1 Rxe1 16. Rxe1 Nf8 17. d5 cxd5 18. Nxd5 Nxd5 19. Qxd5 Qc7 20. Qg5
Be6 21. Nf5 Bxf5 22. Re7 h6 23. Qe3 Qd6 24. Rxf7 Be6 25. Rxb7 Bxb3 26. Qxb3+
Qe6 27. Qc3 Qg6 28. h3 Ne6 29. Qc4 Kh7 30. h4 Rd8 31. Re7 Nd4 32. Re3 Nf5 33.
Rf3 Rd1+ 34. Kh2 Rd4 35. Qc5 Rxh4+ 36. Kg1 Nd4 37. Re3 Qb1+ {#R} 0-1

[Event "25th Fajr Open 2017"]
[Site "masterchessopen.com Sareyn IRI"]
[Date "2017.01.30"]
[Round "4.7"]
[White "Tsomaia,Nikoloz"]
[Black "Mosadeghpour,Masoud"]
[Result "0-1"]
[WhiteElo "2246"]
[BlackElo "2478"]

1. e4 e6 2. d3 c5 3. Nf3 Nc6 4. g3 d5 5. Nbd2 Nf6 6. Bg2 Be7 7. O-O O-O 8. e5
Nd7 9. Re1 Qc7 10. Qe2 b5 11. Nf1 a5 12. Bf4 Bb7 13. h4 Qb6 14. c3 a4 15. N1h2
Rfb8 16. Ng4 Bf8 17. Ng5 Ne7 18. Nf6+ gxf6 19. exf6 Ng6 20. Bxb8 Rxb8 21. h5
Nge5 22. f4 Nxd3 23. Rf1 Nxf6 24. Kh1 c4 {#R} 0-1

[Event "Turkish Cup 2017"]
[Site "masterchessopen.com Antalya TUR"]
[Date "2017.02.02"]
[Round "9.12"]
[White "Karagollu,A"]
[Black "Bacak,Muhammed Kaan"]
[Result "1-0"]
[WhiteElo "2093"]
[BlackElo "2031"]

1. e4 c5 2. Nf3 e6 3. d3 Nc6 4. g3 d5 5. Qe2 Nf6 6. Bg2 Be7 7. O-O O-O 8. e5
Nd7 9. c4 Nb6 10. b3 Qc7 11. Bf4 Bd7 12. Re1 Rfd8 13. h4 Nd4 14. Nxd4 cxd4 15.
cxd5 Bf8 16. Rc1 Qb8 17. d6 Rc8 18. Nd2 Bc6 19. Bxc6 bxc6 20. Rc5 Nd7 21. Rc4
c5 22. Rac1 a5 23. Ne4 a4 24. b4 {#r} 1-0

[Event "PRO League Central 2017"]
[Site "masterchessopen.com chess.com INT"]
[Date "2017.02.01"]
[Round "4"]
[White "Jensson,E"]
[Black "Rendle,T"]
[Result "1-0"]
[WhiteElo "2386"]
[BlackElo "2356"]

1. e4 e6 2. d3 d5 3. Nd2 Nf6 4. Ngf3 Bc5 5. e5 Nfd7 6. g3 Bb6 7. Bg2 Nc6 8.
Qe2 Bd4 9. Nxd4 Nxd4 10. Qd1 Nxe5 11. O-O O-O 12. b3 c5 13. Bb2 Qd6 14. f4
Nec6 15. c3 Nf5 16. Qe2 d4 17. Nc4 Qe7 18. g4 dxc3 19. Bxc3 Nfd4 20. Qb2 Bd7
21. b4 Rad8 22. b5 Nb8 23. Bxd4 cxd4 24. Bxb7 Qh4 25. Bf3 h5 26. gxh5 Qxf4 27.
Kh1 Bc8 28. Qg2 Nd7 29. Rg1 Qh6 30. Raf1 Kh8 31. Bc6 Nf6 32. Ne5 Qh7 33. h6
Qxh6 34. Rf3 Nh5 35. Nxf7+ Rxf7 36. Rxf7 Rg8 37. Rxa7 e5 38. Qg5 Qxg5 39. Rxg5
Nf4 40. Be4 Bh3 41. b6 Rf8 42. Raxg7 {#r} 1-0

[Event "TCh-CAT Gp2 2017"]
[Site "masterchessopen.com Barcelona ESP"]
[Date "2017.01.28"]
[Round "2.10"]
[White "Martinez Ramirez,E"]
[Black "Hernando Rodrigo,Ju"]
[Result "0-1"]
[WhiteElo "2248"]
[BlackElo "2266"]

1. e4 e6 2. Nf3 d5 3. Nc3 Nf6 4. e5 Nfd7 5. d4 c5 6. dxc5 Nc6 7. Bf4 Nxc5 8.
a3 Be7 9. h4 f5 10. Rh3 O-O 11. Bd3 a6 12. Ne2 Ne4 13. Bxe4 fxe4 14. Nfd4 Nxd4
15. Qxd4 Bd7 16. c4 Rc8 17. cxd5 Bb5 18. d6 Bxe2 19. Qxe4 Bg4 20. Rg3 Bf5 21.
Qxb7 Re8 22. d7 Rb8 23. dxe8=Q+ Qxe8 24. Qxa6 Rxb2 25. Rc1 Qh5 26. Bg5 Bf8 27.
Re3 h6 28. Bd8 Qg4 29. Qa8 Qd4 30. Rd1 Qc4 31. Ba5 Qxh4 32. g3 Qh2 33. Rd2
Rb1+ 34. Ke2 Qg1 35. Re4 Re1+ {#R} 0-1

[Event "TCh-CAT Gp2 2017"]
[Site "masterchessopen.com Barcelona ESP"]
[Date "2017.01.28"]
[Round "2.9"]
[White "Llados Peiro,J"]
[Black "Iglesias,Jor"]
[Result "0-1"]
[WhiteElo "2078"]
[BlackElo "2283"]

1. Nf3 d5 2. g3 Nf6 3. Bg2 e6 4. O-O Be7 5. d3 c5 6. Nbd2 Nc6 7. e4 O-O 8. Re1
b5 9. c3 a5 10. e5 Nd7 11. Nf1 Ba6 12. h4 b4 13. Bf4 Nb6 14. Ng5 Qe8 15. c4
Nd4 16. Ne3 Bb7 17. Qg4 Ra7 18. Nf3 Kh8 19. h5 dxc4 20. dxc4 Bxf3 21. Bxf3 Rg8
22. Bg2 f6 23. Rac1 f5 24. Qh3 Rd7 25. Kh1 Qd8 26. Rcd1 Bg5 27. Bxg5 Qxg5 28.
f4 Qh6 29. Rf1 g5 30. Rf2 Rdg7 31. Qh2 a4 32. Nc2 gxf4 33. gxf4 Nxc2 34. Rxc2
Rg4 35. Rf1 Qg7 36. b3 Qe7 37. bxa4 Rh4 38. Bh3 Nxc4 39. Rg1 Qb7+ 40. Bg2
Rxh2+ 41. Kxh2 Qg7 {#R} 0-1

[Event "Portugal Open 2017"]
[Site "masterchessopen.com Lisbon POR"]
[Date "2017.02.04"]
[Round "2.15"]
[White "Galego,L"]
[Black "Pires,E"]
[Result "1-0"]
[WhiteElo "2478"]
[BlackElo "2128"]

1. e4 e6 2. d4 d5 3. exd5 exd5 4. Nf3 Bd6 5. h3 Bf5 6. c4 c6 7. Nc3 Nf6 8. Bg5
O-O 9. cxd5 Qb6 10. Bxf6 Qxb2 11. Qc1 Qxc1+ 12. Rxc1 gxf6 13. Bc4 Ba3 14. Nh4
Bxc1 15. Nxf5 Nd7 16. dxc6 bxc6 17. O-O Ba3 18. Ne4 Rad8 19. Re1 Kh8 20. Re3
Nb6 21. Bb3 Bb2 22. Rd3 Nd5 23. Rd2 Rfe8 24. Nfd6 Rxd6 25. Nxd6 Re1+ 26. Kh2
Bc1 27. Nxf7+ Kg7 28. Rc2 Nb4 29. Rc3 Bb2 30. Rg3+ Kf8 31. Nd6 Re2 32. Rg8+
Ke7 33. Re8+ Kxd6 34. Rxe2 Bxd4 35. f4 Kc5 36. Re7 Nd3 37. Rxa7 Nxf4 38. Rxh7
Ne2 39. g3 Be5 40. Rg7 Kd4 41. Kg2 c5 42. Kf2 Nc3 43. Rd7+ {#r} 1-0

[Event "PRO League Eastern 2017"]
[Site "masterchessopen.com chess.com INT"]
[Date "2017.02.01"]
[Round "4"]
[White "Sidhant,M"]
[Black "Van der Lende,I"]
[Result "1-0"]
[WhiteElo "2267"]
[BlackElo "2315"]

1. e4 e6 2. d4 d5 3. exd5 exd5 4. Nf3 Nc6 5. Bd3 Bg4 6. c3 Bd6 7. h3 Bh5 8.
O-O Qd7 9. Re1+ Nge7 10. Nbd2 O-O-O 11. b4 Bg6 12. Bf1 Nf5 13. b5 Nce7 14. a4
Kb8 15. Nb3 f6 16. a5 Nc8 17. b6 cxb6 18. axb6 Nxb6 19. Nc5 Qc8 20. Qb3 Ne7
21. Bf4 Nc6 22. Bxd6+ Rxd6 23. Qa3 Rhd8 24. Bb5 a6 25. Bf1 Nc4 26. Bxc4 dxc4
27. Re2 Na7 28. Re7 Rb6 29. Rxg7 Rg8 30. Rxg8 Qxg8 31. Nd7+ Kc7 32. Nxb6 Nc6
33. Qc5 Be4 34. Qxc4 Qg7 35. Nd5+ Kb8 36. Ne1 Qg8 37. Ne3 Qg5 38. d5 Bxg2 39.
N1xg2 Ne5 40. Qf4 Qg6 41. Rd1 Qh5 42. d6 Qxh3 43. d7 {#r} 1-0

[Event "Gibraltar Masters 2017"]
[Site "masterchessopen.com Caleta ENG"]
[Date "2017.02.02"]
[Round "10.4"]
[White "Yu Yangyi"]
[Black "Ju Wenjun"]
[Result "1-0"]
[WhiteElo "2738"]
[BlackElo "2583"]

1. e4 e6 2. d4 d5 3. e5 c5 4. c3 Nc6 5. Nf3 Qb6 6. a3 Bd7 7. Be2 Nge7 8. dxc5
Qxc5 9. b4 Qb6 10. c4 Qc7 11. cxd5 Nxd5 12. Bb2 Nf4 13. O-O Ne7 14. Nc3 Neg6
15. Rc1 Nxe2+ 16. Qxe2 Qb6 17. Rfd1 Be7 18. g3 Bc6 19. Nd4 O-O 20. Nxc6 bxc6
21. h4 Rfd8 22. h5 Nf8 23. h6 g6 24. Ne4 Rd5 25. Qf3 Nd7 26. Nd6 Rf8 27. Rxd5
exd5 28. Qg4 Qc7 29. Qd4 Nb6 30. b5 Nc4 31. e6 f6 32. Nxc4 dxc4 33. Qxc4 c5
34. Rd1 Rd8 35. Rd7 Rxd7 36. exd7+ Kf8 37. Qd5 Qb6 38. a4 {#r} 1-0

[Event "TCh-LTU 2017"]
[Site "masterchessopen.com Lithuania LTU"]
[Date "2017.01.29"]
[Round "2.3"]
[White "Viskelis,D"]
[Black "Arulis,A"]
[Result "1-0"]
[WhiteElo "2310"]
[BlackElo "2078"]

1. e4 e6 2. d4 d5 3. e5 a6 4. Nf3 Bd7 5. c4 dxc4 6. d5 exd5 7. Qxd5 Be6 8.
Qxd8+ Kxd8 9. Ng5 Nc6 10. Nxe6+ fxe6 11. Bxc4 Nxe5 12. Be2 Nf6 13. O-O Bd6 14.
Nc3 h6 15. h3 Ke7 16. f4 Bc5+ 17. Kh2 Nf7 18. Bc4 Nd6 19. Bb3 Kd7 20. Re1 Rae8
21. Na4 Bb4 22. Re2 Nf5 23. Be3 Nxe3 24. Rxe3 Nd5 25. Re4 Bd6 26. g3 Nf6 27.
Re2 g5 28. Rae1 gxf4 29. Bxe6+ Kd8 30. Nc5 fxg3+ 31. Kg2 b6 32. Nb7+ Ke7 33.
Rf1 Rhf8 34. Bg4+ Kf7 35. Nxd6+ cxd6 36. Bh5+ Kg7 37. Bxe8 Rxe8 38. Rxe8 Nxe8
39. Rc1 Nf6 40. Rc6 Ne4 41. Kf3 d5 42. Rxb6 h5 43. h4 {#r} 1-0